Normal view
MARC view
Entry Topical Term
001 - CONTROL NUMBER
- control field: 9888
003 - CONTROL NUMBER IDENTIFIER
- control field: dpl
005 - DATE AND TIME OF LATEST TRANSACTION
- control field: 20100810114215.0
008 - FIXED-LENGTH DATA ELEMENTS
- fixed length control field: 100810|||a|||||| | ||| d
040 ## - CATALOGING SOURCE
- Original cataloging agency: dpl
- Transcribing agency: dpl
150 ## - HEADING--TOPICAL TERM
- Topical term or geographic name as entry element: Environmental science
670 ## - SOURCE DATA FOUND
- Source citation: Work cat.: (dpl): Balamurugan, S. 9887, Atext book of environmental science /, 2008
670 ## - SOURCE DATA FOUND
- Source citation: Work cat.: (dpl): Balamurugan, S. 9887, Atext book of environmental science /, 2008
